000 01172nam a2200313 a 4500
001 36965
003 BD-RjUL
005 20211209052549.0
008 140924s1999 nyua 001 0 eng d
020 _a0070369305 (alk. paper)
035 _a(BD-RjUL)
040 _aDNLM/DLC
_cDLC
_dDLC
_dBD-RjUL
_beng
041 _aeng
060 1 0 _aQS 504
_bB311 1999
082 0 0 _a611.018
_221
_bMCB 2000
100 1 _aMcKenzie, James C.,
_d1947-
_9112934
245 0 0 _aBasic concepts in cell biology and histology :
_ba student's survival guide /
_cJames C. McKenzie, Robert M. Klein.
260 _aNew York :
_bMcGraw-Hill, Health Professions Division,
_cc2000.
300 _axvii, 427 p. :
_bill. ;
_c23 cm.
500 _aIncludes index.
650 0 _aCytology
_vOutlines, syllabi, etc.
_943588
650 0 _aHistology
_vOutlines, syllabi, etc.
_9112935
700 1 _aKlein, Robert M.
_q(Robert Melvin),
_d1949-
_9112936
856 4 2 _3Publisher description
_uhttp://www.loc.gov/catdir/description/mh023/99032476.html
856 4 1 _3Table of contents
_uhttp://www.loc.gov/catdir/toc/mh023/99032476.html
942 _2ddc
_cBK
999 _c36965
_d36965